000 00670nam a2200217 i 4500
001 141284
003 ES-MaACL
005 20260201161700.0
007 t|
008 070920s1980 sp ||||1| cat d
100 1 _aVives y Clavé, Pedro.
_9115596
245 1 0 _aCartes des dels camps de concentració /
_cPedro Vives y Clavé ; práoleg d'Agusti Bartra.
250 _a[2ª ed.].
260 _aBarcelona :
_bEdicions 62,
_c[1980]
300 _a89 p. ;
_c18 cm.
490 1 _aAntología catalana ;
_v64
700 1 _aBartra, Agustí
_926185
830 0 _aAntología catalana ;
_v64
_9187203
852 _aES-MaACL
_jA-10965
_bR.100310
999 _c141284
_d141284